| 000 | 00352nam a2200133Ia 4500 | ||
|---|---|---|---|
| 005 | 20260328101454.0 | ||
| 008 | 260328s9999||||xx |||||||||||||| ||und|| | ||
| 100 | _aMitchell, Ann | ||
| 245 | 0 |
_aGreat Buildings of the World : _b Catedrals of Europe / _cAnn Mitchell |
|
| 260 | _bHamlyn | ||
| 300 | _a189 p. | ||
| 650 | _aARQUITECTURA GÓTICA | ||
| 942 | _cBK | ||
| 999 |
_c8765 _d8765 |
||